000 01365nam a22003857a 4500
003 CHAP
005 20220329135445.0
008 971013s1986 r 00010 d
010 _a36807
011 _a37779
035 _a41899
040 _cCHAP
090 _aTesis
100 0 0 _aOrtiz Luévano, Mario.
_984001
245 _aProducción forzada de durazno (Prunus persica L. Botsch) bajo condiciones subtropicales
260 _aChapingo, Méx. :
_bEl autor,
_c1986
300 _a65 h.
_b; gráfs.
502 _aTesis (M. C. Esp. en Fruticultura) -- Colegio de Postgraduados. Centro de Fruticultura
590 _aALEPH
_b10
_c20130110
_lUCH01
_h1302
590 _aBATCH-UPD
_b10
_c20130110
_lUCH01
_h0028
590 _aBATCH-UPD
_b10
_c20130110
_lUCH01
_h1712
590 _aBATCH-UPD
_b10
_c20130409
_lUCH01
_h2009
590 _aBATCH-UPD
_b10
_c20130410
_lUCH01
_h1057
590 _aBATCH-UPD
_b10
_c20130914
_lUCH01
_h1224
590 _aCONVERSION
_b10
_c20130109
_lUCH01
_h1321
650 1 4 _aDurazno
_xDefoliación.
_934587
650 1 4 _aDurazno
_xFloración.
_934600
650 1 4 _aDurazno
_xMorelos.
_934617
650 1 4 _aDurazno
_xVariedades.
_934631
901 _aBK
942 _cFOLL
949 _bBC
_cTES
_d-96331
_eTS1
_h188883
_i41899
_si
949 _bBC
_cTES
_d-96333
_eTS2
_fc.3
_h20474
_i41899
_si
949 _bBC
_cTES
_d33724000690582
_eTS2
_fc.2
_h18884
_i41899
_si
999 _c36807
_d36807